000 00353nam a2200145Ia 4500
001 3912
008 241024s9999 xx 000 0 und d
020 _a978-9945-465-42-6
082 _aRD/863.97293/J61s
100 _aJosefina Jiménez
245 0 _aSilfri y Ramón
260 _bEdiciones CP
_c2013
901 _a29/1/2015 11:14:13 a.m.
999 _c7767
_d7767